|
|
|
|
| LEADER |
00885cam a2200241 7i4500 |
| 001 |
0000037022 |
| 005 |
20230109090000.0 |
| 007 |
##ta |
| 008 |
230109s2016 my eng |
| 020 |
# |
# |
|a 9789678925860
|
| 040 |
# |
# |
|a MATR
|
| 090 |
0 |
# |
|a M 343.595052
|b MAL
|
| 110 |
0 |
# |
|a Malaysia
|
| 245 |
0 |
0 |
|a INCOME TAX ACT 1967 (ACT 53) (WITH SELECTED REGULATIONS & RULES) :
|b AS AT 5TH APRIL 2016
|c compiled by Legal Research Board.
|
| 264 |
# |
1 |
|a Petaling Jaya, Selangor:
|b International Law Book Services,
|c 2016.
|
| 300 |
# |
# |
|a v, 915 pages;
|c 24 cm.
|
| 336 |
# |
# |
|a text
|2 rdacontent
|
| 337 |
# |
# |
|a unmediated
|2 rdamedia
|
| 338 |
# |
# |
|a volume
|2 rdacarrier
|
| 650 |
# |
0 |
|a Income tax --
|x Law and legislation --
|z Malaysia
|
| 650 |
2 |
0 |
|a Taxation --
|x Law and legislation --
|z Malaysia
|
| 710 |
0 |
# |
|a Lembaga Penyelidikan Undang-Undang
|
| 999 |
|
|
|a 0000041868
|b Book
|c Book
|e Business Information Centre
|